Statistics for U.S. States with the Most Borders

Click here to take the quiz!

General Stats

  • This quiz has been taken 12,216 times
    (11,980 since last reset)
  • The average score is 7 of 12

Answer Stats

# State % Correct
8Tennessee
80%
7Kentucky
79%
6Colorado
70%
8Missouri
69%
6Iowa
64%
6Arkansas
63%
6Nebraska
61%
6Oklahoma
59%
6Pennsylvania
56%
6Wyoming
53%
6Idaho
48%
6South Dakota
45%

Score Distribution

Percentile by Number Answered

Percent of People with Each Score

Your Score History

You have not taken this quiz since the last reset